000 00578nam a2200181 4500
999 _c191267
_d191267
005 20220823163802.0
010 _aENG-134579
020 _a9788193357552
_c650.00
035 _aEN-118111
037 _bDBAD/PUB
082 _a305.800954165
100 _aArjun Singh
245 _aNaga Society:
_bculture and tradition/
_cArjun Singh
260 _aDelhi
_bPranjal book services
_c2017
270 _a1/11126, 1st Floor Street No.-10, Subhash Park, Shahdara
_bDelhi
_e110032
300 _a152p.
_c22cm(hbk)
_bBibliography
942 _2ddc
_cEN
_h305.800954165
_mARJ